Kế toán tài chính

Guardat en:
Dades bibliogràfiques
Autor principal: Võ, Văn Nhị
Format: Llibre
Idioma:Undetermined
Publicat: Hà Nội Tài Chính 2004
Matèries:
Etiquetes: Afegir etiqueta
Sense etiquetes, Sigues el primer a etiquetar aquest registre!
Thư viện lưu trữ: Trung tâm Học liệu Trường Đại học Cần Thơ
LEADER 00524nam a2200205Ia 4500
001 CTU_64665
008 210402s9999 xx 000 0 und d
020 |c 90000 
082 |a 657.4 
082 |b Nh300 
100 |a Võ, Văn Nhị 
245 0 |a Kế toán tài chính 
245 0 |c Võ Văn Nhị 
260 |a Hà Nội 
260 |b Tài Chính 
260 |c 2004 
650 |a Finance,Accounting 
650 |x Management 
904 |i Minh 
980 |a Trung tâm Học liệu Trường Đại học Cần Thơ